Statistics for The Prodigy: Name as much songs as possible

Click here to take the quiz!

General Stats

  • This quiz has been taken 27 times
  • The average score is 25 of 83

Answer Stats

HintAnswer% Correct
ExperienceJericho
85%
Firestarter
73%
The Fat ot the LandSmack My Bitch Up
69%
Voodoo People
69%
Breathe
65%
Out of Space
65%
Poison
65%
Omen
62%
Break and Enter
58%
Diesel Power
58%
Invaders Must DieInvaders Must Die
58%
Fuel My Fire
54%
Music Reach (1/2/3/4)
54%
Narayan
54%
Climbatize
50%
Girls
50%
The Day Is My EnemyThe Day Is My Enemy
50%
Wind it up
50%
No Good (Start the Dance)
46%
Take Me to the Hospital
46%
Their Law
46%
Funky Shit
42%
Always Outnumbered, Never OutgunnedSpitfire
42%
3 Kilos
38%
Everybody In The Place
38%
Music For The Jilted GenerationIntro
38%
Mindfields
38%
Nasty
38%
No Tourists
38%
Serial Thrilla
35%
Stand Up
35%
Warrior's Dance
35%
Run with the Wolves
31%
Thunder
31%
Weather Experience
31%
Wild Frontier
31%
Colours
27%
Full Throttle
27%
Hotride
27%
No TouristsNeed Some1
27%
Piranha
27%
You'll Be Under My Wheels
27%
Action Radar
23%
Claustrophobic Sting
23%
Get Your Fight On
23%
Ibiza
23%
Invisible Sun
23%
Roadblox
23%
Ruff In The Jungle Bizness
23%
Skylined
23%
The Heat (The Energy)
23%
World's on Fire
23%
Light Up the Sky
19%
Timebomb Zone
19%
Wall of Death
19%
We Live Forever
19%
Boom Boom Tap
15%
Champions of London
15%
Death Of The Prodigy Dancers (Live)
15%
Fire (Sunrise Version)
15%
Get Up Get Off
15%
Hyperspeed (G-force Part 2)
15%
Omen Reprise
15%
One Love (Edit)
15%
Rebel Radio
15%
Your Love (Remix)
15%
Beyond the Deathray
12%
Destroy
12%
Fight Fire with Fire
12%
Give Me a Signal
12%
Medicine
12%
Resonate
12%
Rok-Weiler
12%
Wild West
12%
Memphis Bells
8%
Phoenix
8%
Shoot Down
8%
The Way It Is
8%
Wake Up Call
8%
Medusa's Path
4%
Rhytm Bomb
4%
Charly (Trip Intro Drum and Bass Version)
0%
Speedway (Theme form Fastlane)
0%

Score Distribution

Percentile by Number Answered

Percent of People with Each Score

Your Score History

You have not taken this quiz